Catálogo

Vista normal Vista MARC

Entrada Personal Name

Número de registros utilizados en: 1

001 - CONTROL NUMBER

  • control field: 8306

003 - CONTROL NUMBER IDENTIFIER

  • control field: DLC

005 - DATE AND TIME OF LATEST TRANSACTION

  • control field: 20181022154330.0

008 - FIXED-LENGTH DATA ELEMENTS

  • fixed length control field: 100405n| azannaabn |a aaa c

010 ## - LIBRARY OF CONGRESS CONTROL NUMBER

  • LC control number: no2010056100

035 ## - SYSTEM CONTROL NUMBER

  • System control number: (OCoLC)oca08450315

040 ## - CATALOGING SOURCE

  • Original cataloging agency: MX-MxUI
  • Language of cataloging: spa
  • Description conventions: rda
  • Transcribing agency: Mx-PuUPA
  • Modifying agency: TxU
  • Modifying agency: HU
  • Modifying agency: Mx-PuUPA

046 ## - SPECIAL CODED DATES

  • Birth date: 1982
  • Source of date scheme: edtf

053 #0 - LC CLASSIFICATION NUMBER

  • Classification number element--single number or beginning number of span: PQ7298.436.E6466

100 1# - HEADING--PERSONAL NAME

  • Personal name: Zepeda Montañez, Erika Marcela
  • Dates associated with a name: 1982-

370 ## - ASSOCIATED PLACE

  • Place of birth: Guadalajara (Mexico)
  • Associated country: Mexico
  • Source of term: naf

373 ## - ASSOCIATED GROUP

  • Associated group: Universidad de Guadalajara
  • Source of term: naf

375 ## - GENDER

  • Gender: mujer
  • Source of term: lcdgt

377 ## - ASSOCIATED LANGUAGE

  • Language code: spa

400 1# - SEE FROM TRACING--PERSONAL NAME

  • Personal name: Montañez, Erika Marcela Zepeda
  • Dates associated with a name: 1982-

400 1# - SEE FROM TRACING--PERSONAL NAME

  • Personal name: Zepeda, Erika Marcela Montañez
  • Dates associated with a name: 1982-

670 ## - SOURCE DATA FOUND

  • Source citation: Historias galliniles, 2004:
  • Information found: t.p.verso (Erika Marcela Zepeda Montañez, Premio Nacional de Cuento Infantil, Juan de la Cabada 2004)

670 ## - SOURCE DATA FOUND

  • Source citation: 63 señoritas condenadas a la desolación, 2016:
  • Information found: t.p. (Érika Zepeda) front flap (Érika Zepeda; b. 1982 in Guadalajara; degrees in Hispanic literature, education, from Universidad de Guadalajara; author of Historias galliniles; Una zarigüeya en mi mochila; and, Instrucciones para convertirse en pirata)

670 ## - SOURCE DATA FOUND

  • Source citation: Biblioteca del Congreso (Estados Unidos), 22 octubre 2018:
  • Information found: catálogo electrónico
  • Uniform Resource Identifier: https://goo.gl/HPi3je